<?xml version="1.0" encoding="UTF-8"?>
<record
    xmlns:xsi="http://www.w3.org/2001/XMLSchema-instance"
    xsi:schemaLocation="http://www.loc.gov/MARC21/slim http://www.loc.gov/standards/marcxml/schema/MARC21slim.xsd"
    xmlns="http://www.loc.gov/MARC21/slim">

  <leader>00844nam a22001937a 4500</leader>
  <controlfield tag="003">BDDh-ASL</controlfield>
  <controlfield tag="005">20231015031224.0</controlfield>
  <controlfield tag="008">230312s2001    b  ||||| |||| 00| 0 b   d</controlfield>
  <datafield tag="040" ind1=" " ind2=" ">
    <subfield code="c">BDDh-ASL</subfield>
  </datafield>
  <datafield tag="041" ind1=" " ind2=" ">
    <subfield code="a">bengali </subfield>
  </datafield>
  <datafield tag="082" ind1=" " ind2=" ">
    <subfield code="a">954</subfield>
    <subfield code="b">MAO</subfield>
  </datafield>
  <datafield tag="100" ind1="1" ind2=" ">
    <subfield code="a">&#x9AE;&#x9BE;&#x9B0;&#x995;&#x9C7;&#x99C;, &#x997;&#x9CD;&#x9AF;&#x9BE;&#x9AC;&#x9B0;&#x9BF;&#x9AF;&#x9BC;&#x9C7;&#x9B2; &#x997;&#x9BE;&#x9B0;&#x9B8;&#x9BF;&#x9AF;&#x9BC;&#x9BE;</subfield>
    <subfield code="9">7500</subfield>
  </datafield>
  <datafield tag="245" ind1="0" ind2="0">
    <subfield code="a">&#x993;&#x9AF;&#x9BC;&#x9BE;&#x9A8; &#x9B9;&#x9BE;&#x9A8;&#x9A1;&#x9CD;&#x9B0;&#x9C7;&#x9A1; &#x987;&#x9AF;&#x9BC;&#x9BE;&#x9B0;&#x9B8; &#x985;&#x9AC; &#x9B8;&#x9B2;&#x9BF;&#x99A;&#x9BF;&#x989;&#x9A1; /</subfield>
    <subfield code="c">&#x9B6;&#x9BE;&#x9B9;&#x9BE;&#x9AC;&#x9C1;&#x9A6;&#x9CD;&#x9A6;&#x9BF;&#x9A8; &#x9AD;&#x9C1;&#x987;&#x9AF;&#x9BC;&#x9BE; (&#x9AD;&#x9BE;&#x9B7;&#x9BE;&#x9A8;&#x9CD;&#x9A4;&#x9B0;) &#x964; </subfield>
  </datafield>
  <datafield tag="260" ind1=" " ind2=" ">
    <subfield code="a">&#x9A2;&#x9BE;&#x995;&#x9BE;: </subfield>
    <subfield code="b">&#x99C;&#x9CB;&#x9A8;&#x9BE;&#x995;&#x9C0; &#x9AA;&#x9CD;&#x9B0;&#x995;&#x9BE;&#x9B6;&#x9A8;&#x9C0;, </subfield>
    <subfield code="c">&#x9E8;&#x9E6;&#x9E6;&#x9E7;&#x964;</subfield>
  </datafield>
  <datafield tag="300" ind1=" " ind2=" ">
    <subfield code="a">&#x9E8;&#x9EF;&#x9EB; &#x9AA;&#x9C3;&#x9B7;&#x9CD;&#x9A0;&#x9BE;: </subfield>
    <subfield code="c">&#x9E8;&#x9E8; &#x9B8;&#x9C7;.&#x9AE;&#x9BF;. </subfield>
  </datafield>
  <datafield tag="650" ind1=" " ind2="0">
    <subfield code="a">History (&#x987;&#x9A4;&#x9BF;&#x9B9;&#x9BE;&#x9B8;)</subfield>
    <subfield code="9">4586</subfield>
  </datafield>
  <datafield tag="700" ind1="1" ind2=" ">
    <subfield code="a">&#x9AD;&#x9C1;&#x987;&#x9AF;&#x9BC;&#x9BE;, &#x9B6;&#x9BE;&#x9B9;&#x9BE;&#x9AC;&#x9C1;&#x9A6;&#x9CD;&#x9A6;&#x9BF;&#x9A8;</subfield>
    <subfield code="9">7501</subfield>
  </datafield>
  <datafield tag="942" ind1=" " ind2=" ">
    <subfield code="2">ddc</subfield>
    <subfield code="c">BK</subfield>
  </datafield>
  <datafield tag="952" ind1=" " ind2=" ">
    <subfield code="0">0</subfield>
    <subfield code="1">0</subfield>
    <subfield code="2">ddc</subfield>
    <subfield code="4">0</subfield>
    <subfield code="7">0</subfield>
    <subfield code="8">NFIC</subfield>
    <subfield code="a">ASL</subfield>
    <subfield code="b">ASL</subfield>
    <subfield code="c">WAC</subfield>
    <subfield code="d">2023-03-12</subfield>
    <subfield code="e">Donated by Prof. Wakil Ahmed</subfield>
    <subfield code="l">0</subfield>
    <subfield code="o">954 MAO</subfield>
    <subfield code="p">119591</subfield>
    <subfield code="r">2023-03-12 00:00:00</subfield>
    <subfield code="t">C-1</subfield>
    <subfield code="w">2023-03-12</subfield>
    <subfield code="y">BK</subfield>
  </datafield>
  <datafield tag="999" ind1=" " ind2=" ">
    <subfield code="c">31021</subfield>
    <subfield code="d">31021</subfield>
  </datafield>
</record>
